Statistics for NFC North Winners since 2002

Click here to take the quiz!

General Stats

  • This quiz has been taken 140 times
    (39 since last reset)
  • The average score is 21 of 22

Answer Stats

YearNFC North winnerRecord% Correct
2018Chicago Bears12-4
100%
2023Detroit Lions12-5
100%
2021Green Bay Packers13-4
100%
2020Green Bay Packers13-3
100%
2019Green Bay Packers13-3
100%
2022Minnesota Vikings13-4
100%
2017Minnesota Vikings13-3
100%
2010Chicago Bears11-5
97%
2011Green Bay Packers15-1
97%
2012Green Bay Packers11-5
97%
2013Green Bay Packers8-7-1
97%
2014Green Bay Packers12-4
97%
2016Green Bay Packers10-6
97%
2015Minnesota Vikings11-5
97%
2006Chicago Bears13-3
94%
2005Chicago Bears11-5
94%
2007Green Bay Packers13-3
94%
2009Minnesota Vikings12-4
94%
2008Minnesota Vikings10-6
94%
2004Green Bay Packers10-6
91%
2003Green Bay Packers10-6
88%
2002Green Bay Packers12-4
88%

Score Distribution

Percentile by Number Answered

Percent of People with Each Score

Your Score History

You have not taken this quiz since the last reset